| 000 | 01389nam a22002177a 4500 | ||
|---|---|---|---|
| 008 | 230125s2021 xxk|||||o|||| 00| 0 eng d | ||
| 041 | _aeng | ||
| 110 | _aRoyal Institution of Chartered Surveyors | ||
| 245 |
_aDubious investment scheme warning notice _h[Electronic resource] |
||
| 260 |
_aLondon, _bRoyal Institution of Chartered Surveyors, _c2 July 2021 |
||
| 300 | _a4p. | ||
| 490 | _aRICS warning notice | ||
| 520 | _aRICS has received reports about a minority of registered valuers who have been involved in suspect and illegal investment schemes, apparently unwittingly. The aim of this alert is to remind RICS members of their obligations and to identify warning signs to help RICS members and regulated firms avoid any involvement in such schemes. RICS may have regard to this alert when exercising its regulatory functions. This alert is also relevant to members of the public who are thinking about investing in schemes being promoted as investments where a chartered surveyor is involved. | ||
| 650 | _aInvestments | ||
| 650 | _aFraud | ||
| 651 | _aInternational | ||
| 690 |
_96250 _aInvestments |
||
| 710 | _aRoyal Institution of Chartered Surveyors | ||
| 856 |
_uhttps://www.rics.org/globalassets/rics-website/media/upholding-professional-standards/sector-standards/valuation/dubious-investment-scheme-warning-notice.pdf _zAvailable free on RICS.org |
||
| 942 | _n0 | ||
| 999 |
_c121334 _d121334 |
||